Eurovision 2026 Song to Country - Statistics

General Stats
  • This quiz has been taken 340 times
  • The average score is 31 of 35
Answer Stats
Hint Answer % Correct
Søren Torpegaard Lund - Før Vi Går Hjem Denmark
94%
Akylas - Ferto Greece
94%
Satoshi - Viva, Moldova! Moldova
94%
Antigoni - Jalla Cyprus
93%
Linda Lampenius x Pete Parkkonen - Liekinheitin Finland
93%
Monroe - Regarde ! France
93%
Alexandra Căpitănescu - Choke Me Romania
93%
FELICIA - My System Sweden
93%
DARA - Bangaranga Bulgaria
92%
Sarah Engels - Fire Germany
92%
Noam Bettan - Michelle Israel
92%
Sal Da Vinci - Per sempre sì Italy
92%
LOOK MUM NO COMPUTER - Eins Zwei Drei United Kingdom
92%
Jonas Lovv - Ya Ya Ya Norway
91%
Delta Goodrem - Eclipse Australia
90%
Cosmó - Tanzschein Austria
90%
ESSYLA - Dancing on the Ice Belgium
90%
SENHIT - Superstar San Marino
90%
Vanilla Ninja - Too Epic To Be True Estonia
89%
Eva Marija - Mother Nature Luxembourg
89%
AIDAN - Bella Malta
89%
LELÉKA - Ridnym Ukraine
88%
Daniel Žižka - CROSSROADS Czechia
87%
ALICJA - Pray Poland
87%
Bandidos do Cante - Rosa Portugal
87%
LELEK - Andromeda Croatia
86%
Bzikebi - On Replay Georgia
86%
Tamara Živković - Nova zora Montenegro
86%
Veronica Fusaro - Alice Switzerland
86%
Alis - Nân Albania
85%
SIMÓN - Paloma Rumba Armenia
85%
Lion Ceccah - Sólo quiero más Lithuania
83%
JIVA - Just Go Azerbaijan
82%
Atvara - Ēnā Latvia
82%
LAVINA - Kraj mene Serbia
82%
No matching quizzes found
Score Distribution
Percent of People with Each Score
Percentile by Number Answered
Your Score History
You have not taken this quiz